Breathing and warmth at birth : judging the appropriateness of technology

Kaydedildi:
Detaylı Bibliyografya
Materyal Türü: Kitap
Dil:Undetermined
Baskı/Yayın Bilgisi: [Stockhom] Swedish Agency for Rsearch Cooperation with Developing Countries 1985
Konular:
Etiketler: Etiketle
Etiket eklenmemiş, İlk siz ekleyin!
Thư viện lưu trữ: Trung tâm Học liệu Trường Đại học Cần Thơ
LEADER 00660nam a2200193Ia 4500
001 CTU_25856
008 210402s9999 xx 000 0 und d
082 |a 300 
082 |b B828 
245 0 |a Breathing and warmth at birth : 
245 0 |b judging the appropriateness of technology 
245 0 |c editors: Göran Sterky, Nebiat Tafari, Ragnar Tunell 
260 |a [Stockhom] 
260 |b Swedish Agency for Rsearch Cooperation with Developing Countries 
260 |c 1985 
650 |a Developing countries,Respiratory Insufficiency 
650 |x In infancy & childhood 
904 |i Minh, H.Mai 
980 |a Trung tâm Học liệu Trường Đại học Cần Thơ